[Event "ODEM U14 2010"]
[Site "Oberhof GER"]
[Date "2010.05.25"]
[Round "3"]
[White "Voggenreiter, Simon"]
[Black "Nobis, Philipp"]
[Result "1/2-1/2"]
[Termination "normal"]
[Board "1"]
[WhiteElo "1738"]
[BlackElo "1515"]
[PlyCount "67"]
[WhiteFideId "24615501"]
[BlackFideId "24602183"]
[EventCountry "GER"]
[EventRounds "7"]
[EventType "swiss"]
[EventDate "2010.05.22"]

1. e4 c5 2. Nf3 a6 3. d4 cxd4 4. Nxd4 Nf6 5. Bd3 Nc6 6. Nxc6 bxc6 7. O-O d6 8.
Re1 e6 9. c4 Be7 10. Nc3 O-O 11. Qf3 Qc7 12. Bf4 e5 13. Bg3 Bg4 14. Qe3 Rab8
15. b3 h6 16. f3 Be6 17. Rad1 Nh5 18. Bf2 Bg5 19. Qe2 Nf4 20. Qc2 Rfd8 21. Bf1
Rbc8 22. Na4 c5 23. h4 Be7 24. Kh2 Bd7 25. Nc3 Bc6 26. g3 Ne6 27. Bh3 Ra8 28.
Bxe6 fxe6 29. Be3 Rf8 30. Rf1 Rf6 31. Rf2 Raf8 32. Rdf1 Qb7 33. Qd3 R6f7 34.
Qd2 1/2-1/2

[Event "ODEM U14 2010"]
[Site "Oberhof GER"]
[Date "2010.05.25"]
[Round "3"]
[White "Bach, Marc-Andre"]
[Black "Tran, Khoa Anh Le"]
[Result "0-1"]
[Termination "normal"]
[Board "2"]
[WhiteElo "1298"]
[BlackElo "1588"]
[PlyCount "120"]
[WhiteFideId "1270773"]
[EventCountry "GER"]
[EventRounds "7"]
[EventType "swiss"]
[EventDate "2010.05.22"]

1. e4 e6 2. d4 d5 3. e5 c5 4. c3 Nc6 5. Nf3 Qb6 6. Bd3 Bd7 7. Bc2 cxd4 8. cxd4
Nge7 9. O-O Nf5 10. Bxf5 exf5 11. Nc3 Be6 12. Rb1 Be7 13. Qa4 a6 14. Bg5 Bxg5
15. Nxg5 O-O 16. Nf3 Rac8 17. Rfd1 Rc7 18. a3 Rfc8 19. h3 Qa5 20. Qxa5 Nxa5 21.
Ng5 b5 22. f4 h6 23. Nf3 Nc4 24. Nd2 Ne3 25. Rdc1 Nc4 26. Nxc4 Rxc4 27. Rd1 b4
28. axb4 Rxb4 29. Kf2 Rcb8 30. Rd2 a5 31. Ke2 Rc4 32. Nd1 Rbb4 33. Ke3 a4 34.
Ra1 Rb3+ 35. Nc3 Rcb4 36. Kf3 Bd7 37. Ra2 Bb5 38. Kf2 Bc6 39. Ke2 Rc4 40. Ke3
a3 41. Kd3 axb2 42. Raxb2 Rcxc3+ 43. Ke2 Bb5+ 44. Ke1 Bc4 45. Rxb3 Rxb3 46. Kf2
Rd3 47. Rxd3 Bxd3 48. Ke3 Be4 49. g3 Kh7 50. g4 Kg6 51. Kf2 Kh7 52. Kg3 Kg8 53.
Kf2 Kf8 54. Ke3 Ke7 55. Kd2 Bg2 56. gxf5 Bxh3 57. f6+ gxf6 58. exf6+ Kxf6 59.
Ke3 Kf5 60. Kf3 Bg4+ 0-1

[Event "ODEM U14 2010"]
[Site "Oberhof GER"]
[Date "2010.05.25"]
[Round "3"]
[White "Hansch, Karsten"]
[Black "Herbrig, Marie-Helén"]
[Result "1/2-1/2"]
[Termination "normal"]
[Board "4"]
[WhiteElo "1885"]
[BlackElo "1368"]
[PlyCount "95"]
[WhiteFideId "24692239"]
[BlackFideId "12900427"]
[EventCountry "GER"]
[EventRounds "7"]
[EventType "swiss"]
[EventDate "2010.05.22"]

1. d4 Nf6 2. Nf3 d5 3. e3 Bg4 4. Be2 e6 5. O-O c5 6. Ne5 Bf5 7. Nd2 Bd6 8. Ndf3
O-O 9. b3 Qc7 10. Ba3 Nbd7 11. Nxd7 Nxd7 12. Rc1 Qa5 13. Bxc5 Bxc5 14. dxc5
Nxc5 15. Nd4 Bg6 16. c4 dxc4 17. Rxc4 Ne4 18. Ra4 Qb6 19. Qe1 Rfd8 20. Bf3 Nc5
21. Rb4 Qa6 22. Qc3 Rac8 23. Rc1 b6 24. Nc6 Re8 25. Rc4 Bd3 26. Nb4 Bxc4 27.
Nxa6 Bxa6 28. Qa1 Nd3 29. Rd1 Rc2 30. Be4 Rec8 31. Bxd3 Bxd3 32. Rxd3 Rc1+ 33.
Rd1 Rxa1 34. Rxa1 Rc2 35. g3 Kf8 36. a4 Rb2 37. Rc1 Rxb3 38. Rc8+ Ke7 39. Rc7+
Kf6 40. Rxa7 Ra3 41. Rb7 Rxa4 42. Rxb6 Ra5 43. Kg2 Kf5 44. Rb7 Kg6 45. g4 h5
46. h3 hxg4 47. hxg4 Rg5 48. f3 1/2-1/2

[Event "ODEM U14 2010"]
[Site "Oberhof GER"]
[Date "2010.05.25"]
[Round "3"]
[White "Mikeler, Marcel"]
[Black "Hansch, Stephan"]
[Result "1/2-1/2"]
[Termination "normal"]
[Board "5"]
[WhiteElo "1180"]
[BlackElo "1832"]
[PlyCount "72"]
[WhiteFideId "12927856"]
[EventCountry "GER"]
[EventRounds "7"]
[EventType "swiss"]
[EventDate "2010.05.22"]

1. e4 c5 2. d4 cxd4 3. c3 d3 4. Bxd3 d6 5. Nf3 Nf6 6. O-O e6 7. Bg5 Be7 8. Nbd2
O-O 9. Rc1 d5 10. e5 Nfd7 11. Bxe7 Qxe7 12. Re1 Nc6 13. Qc2 g6 14. Nb3 a6 15.
a4 b6 16. Nbd4 Bb7 17. b3 Nc5 18. b4 Nxd3 19. Qxd3 Rac8 20. Nxc6 Rxc6 21. Nd4
Rc4 22. Rc2 Rfc8 23. Rec1 f6 24. f4 fxe5 25. fxe5 Rf8 26. Rf1 Rxf1+ 27. Qxf1
Bc8 28. h3 Qc7 29. Rf2 Qxe5 30. Rf8+ Kg7 31. Qf7+ Kh6 32. Rg8 Rxc3 33. Qf8+ Kh5
34. g4+ Kh4 35. Nf3+ Rxf3 36. Qxf3 Qe1+ 1/2-1/2

[Event "ODEM U14 2010"]
[Site "Oberhof GER"]
[Date "2010.05.25"]
[Round "3"]
[White "Bosse, Lea"]
[Black "Mann, Jonas"]
[Result "1-0"]
[Termination "normal"]
[Board "6"]
[WhiteElo "1450"]
[BlackElo "1288"]
[PlyCount "65"]
[WhiteFideId "12900419"]
[BlackFideId "12900214"]
[EventCountry "GER"]
[EventRounds "7"]
[EventType "swiss"]
[EventDate "2010.05.22"]

1. e4 c5 2. Nf3 d6 3. d4 cxd4 4. Nxd4 Nf6 5. Nc3 a6 6. Qf3 e5 7. Nf5 Bxf5 8.
Qxf5 Be7 9. Be3 Nc6 10. O-O-O b5 11. Kb1 Rb8 12. f4 Qc7 13. Be2 Nb4 14. fxe5
dxe5 15. Rhf1 O-O 16. g4 Nxc2 17. Kxc2 b4 18. Bd2 bxc3 19. Bxc3 Rfc8 20. Rf3 h6
21. Rfd3 Qb6 22. Kd2 Bb4 23. Rb1 Bxc3+ 24. Kd1 Rd8 25. Kc2 Bd4 26. Kd1 Rbc8 27.
Ke1 Rc2 28. Rb3 Qc6 29. Rd3 Nxe4 30. Bf3 Bf2+ 31. Kf1 Nd2+ 32. Kg2 Nxf3 33.
Rxd8+ 1-0

[Event "ODEM U14 2010"]
[Site "Oberhof GER"]
[Date "2010.05.25"]
[Round "3"]
[White "Bauer, Lukas"]
[Black "Halas, Lena"]
[Result "1-0"]
[Termination "normal"]
[Board "7"]
[WhiteElo "1272"]
[BlackElo "1434"]
[PlyCount "51"]
[WhiteFideId "12907715"]
[BlackFideId "12931799"]
[EventCountry "GER"]
[EventRounds "7"]
[EventType "swiss"]
[EventDate "2010.05.22"]

1. e4 e5 2. Nf3 Nf6 3. Bc4 Nc6 4. Nc3 Bb4 5. O-O Bxc3 6. dxc3 d6 7. Re1 Bg4 8.
Bg5 h6 9. Bh4 O-O 10. h3 Bh5 11. Bd5 Qe7 12. Qd3 Nd8 13. Rad1 Rb8 14. Rd2 Ne6
15. Bxe6 Qxe6 16. b3 Bg6 17. Bxf6 Qxf6 18. Qe3 a6 19. c4 Kh7 20. c5 Rbd8 21.
cxd6 Rxd6 22. Rd5 Rxd5 23. exd5 e4 24. Nd2 Re8 25. Qg3 Qc3 26. Qxc3 1-0

[Event "ODEM U14 2010"]
[Site "Oberhof GER"]
[Date "2010.05.25"]
[Round "3"]
[White "Siegl, Melina"]
[Black "Henke, Georg"]
[Result "1-0"]
[Termination "normal"]
[Board "8"]
[WhiteElo "1404"]
[BlackElo "1176"]
[PlyCount "41"]
[WhiteFideId "1272126"]
[BlackFideId "24693936"]
[EventCountry "GER"]
[EventRounds "7"]
[EventType "swiss"]
[EventDate "2010.05.22"]

1. e4 c5 2. Nf3 d6 3. d4 cxd4 4. Nxd4 Nf6 5. Nc3 g6 6. Bg5 Bg7 7. Qd2 O-O 8. f4
e5 9. Nf3 Nbd7 10. Qxd6 exf4 11. O-O-O Qb6 12. Bxf4 Nxe4 13. Qxb6 Nxb6 14. Nxe4
Bf5 15. Bd3 Na4 16. Be5 Bxe5 17. Nxe5 Bxe4 18. Bxe4 Nc5 19. Bf3 Rfe8 20. Nd7
Ne6 21. Nf6+ 1-0

[Event "ODEM U14 2010"]
[Site "Oberhof GER"]
[Date "2010.05.25"]
[Round "3"]
[White "Edel, Fenja"]
[Black "Glase, Johan"]
[Result "1-0"]
[Termination "normal"]
[Board "9"]
[WhiteElo "1511"]
[BlackElo "1068"]
[PlyCount "39"]
[WhiteFideId "24696749"]
[EventCountry "GER"]
[EventRounds "7"]
[EventType "swiss"]
[EventDate "2010.05.22"]

1. e4 g6 2. d4 Bg7 3. Nc3 d6 4. Bc4 Nf6 5. Nf3 O-O 6. Bg5 Bg4 7. Qe2 Nbd7 8.
O-O-O c5 9. dxc5 Nxc5 10. e5 Nfd7 11. exd6 Re8 12. dxe7 Qc7 13. Bh4 a6 14.
Bxf7+ Kxf7 15. Ng5+ Kg8 16. Qxg4 Ne5 17. Qe2 Nc6 18. Qc4+ Kh8 19. Nf7+ Kg8 20.
Nd6+ 1-0

[Event "ODEM U14 2010"]
[Site "Oberhof GER"]
[Date "2010.05.25"]
[Round "3"]
[White "Dittrich, Tom"]
[Black "Peters, Florian"]
[Result "1/2-1/2"]
[Termination "normal"]
[Board "10"]
[WhiteElo "1074"]
[BlackElo "1248"]
[PlyCount "102"]
[WhiteFideId "12923532"]
[BlackFideId "12952028"]
[EventCountry "GER"]
[EventRounds "7"]
[EventType "swiss"]
[EventDate "2010.05.22"]

1. Nc3 e5 2. Nf3 Nc6 3. d4 exd4 4. Nxd4 Nf6 5. Nxc6 bxc6 6. Bg5 Be7 7. e3 d5 8.
Be2 Bf5 9. O-O O-O 10. Bd3 Qd7 11. Bxf6 Bxf6 12. f3 Rad8 13. e4 Be6 14. Re1 Qd6
15. Qe2 Be5 16. h3 Bd4+ 17. Kh1 Rfe8 18. exd5 Bd7 19. Qd2 cxd5 20. Bxh7+ Kxh7
21. Qxd4 Qg3 22. Rxe8 Bxe8 23. Qxa7 Bc6 24. Qa6 Rd6 25. Qd3+ g6 26. a4 d4 27.
Nb5 Re6 28. a5 Re1+ 29. Rxe1 Qxe1+ 30. Kh2 Qxa5 31. Nxd4 Bd7 32. Nb3 Qe5+ 33.
g3 Bf5 34. Qd4 Qe2+ 35. Kg1 Qe8 36. Qc4 Qe7 37. Nd4 Qe1+ 38. Kg2 Bxh3+ 39. Kxh3
Qh1+ 40. Kg4 f5+ 41. Kf4 Qh6+ 42. Ke5 Qg7+ 43. Kd5 Qd7+ 44. Kc5 Qd6+ 45. Kb5
Qb6+ 46. Ka4 Qa7+ 47. Kb3 Qb7+ 48. Qb4 Qd5+ 49. Qc4 Qb7+ 50. Kc3 Qb6 51. Qf7+
Kh8 1/2-1/2

[Event "ODEM U14 2010"]
[Site "Oberhof GER"]
[Date "2010.05.25"]
[Round "3"]
[White "Martin, Raphael"]
[Black "Dopmann, Sina"]
[Result "1/2-1/2"]
[Termination "normal"]
[Board "11"]
[WhiteElo "1237"]
[BlackElo "1108"]
[PlyCount "29"]
[WhiteFideId "12952036"]
[EventCountry "GER"]
[EventRounds "7"]
[EventType "swiss"]
[EventDate "2010.05.22"]

1. e4 e5 2. Nf3 d6 3. d4 Nd7 4. Bc4 Ngf6 5. dxe5 dxe5 6. O-O Be7 7. Nc3 O-O 8.
Bg5 c6 9. Qd3 a5 10. a4 Qc7 11. Rfe1 Nc5 12. Qe3 b6 13. b3 Bg4 14. h3 Bh5 15.
Rad1 1/2-1/2

[Event "ODEM U14 2010"]
[Site "Oberhof GER"]
[Date "2010.05.25"]
[Round "3"]
[White "Triantafillidis, Zoe"]
[Black "Strauch, Nicholas"]
[Result "1/2-1/2"]
[Termination "normal"]
[Board "12"]
[WhiteElo "1044"]
[BlackElo "1231"]
[PlyCount "60"]
[WhiteFideId "12900150"]
[EventCountry "GER"]
[EventRounds "7"]
[EventType "swiss"]
[EventDate "2010.05.22"]

1. e4 c5 2. Nf3 g6 3. d4 cxd4 4. Nxd4 Bg7 5. Be3 Nc6 6. c3 Nf6 7. Nd2 O-O 8.
Bc4 d6 9. O-O Ng4 10. Qe2 Nxe3 11. Qxe3 Bd7 12. N2f3 Ne5 13. Nxe5 Bxe5 14. f4
Bg7 15. Kh1 Bh6 16. Qf3 Rc8 17. Bd3 Bg7 18. Rac1 Qb6 19. Nb3 Ba4 20. Bc2 Rc7
21. h3 h5 22. f5 Qa6 23. Bd3 Bb5 24. Bxb5 Qxb5 25. Qf2 a5 26. Nd4 Qa6 27. Qg3
Kh7 28. fxg6+ fxg6 29. Rxf8 Bxf8 30. Ne6 Rc8 1/2-1/2

[Event "ODEM U14 2010"]
[Site "Oberhof GER"]
[Date "2010.05.25"]
[Round "3"]
[White "Michalowski, Melina"]
[Black "Schramm, Moritz"]
[Result "0-1"]
[Termination "normal"]
[Board "14"]
[WhiteElo "1006"]
[BlackElo "1173"]
[PlyCount "96"]
[WhiteFideId "12902462"]
[BlackFideId "12923508"]
[EventCountry "GER"]
[EventRounds "7"]
[EventType "swiss"]
[EventDate "2010.05.22"]

1. d4 Nf6 2. c4 g6 3. Nc3 Bg7 4. e4 d6 5. Nf3 O-O 6. Be2 Bg4 7. O-O Nbd7 8. h3
Bxf3 9. Bxf3 e5 10. d5 Ne8 11. Qd3 f5 12. g3 f4 13. gxf4 exf4 14. Bg2 g5 15. f3
Bxc3 16. Qxc3 Qf6 17. Qxf6 Nexf6 18. b4 Ne5 19. c5 dxc5 20. bxc5 Nd3 21. Ba3 h5
22. Rad1 Ne5 23. d6 cxd6 24. cxd6 Nc4 25. Rd3 Nxa3 26. Rxa3 Nd7 27. Rd3 Kf7 28.
Re1 Ke6 29. Bf1 a6 30. Kg2 b5 31. Rd2 Rac8 32. Rd5 Rc5 33. Red1 Rc2+ 34. R1d2
Rxd2+ 35. Rxd2 Nb6 36. Rb2 Kxd6 37. a4 Nxa4 38. Rd2+ Ke6 39. Rd5 Rg8 40. Bd3 g4
41. Rxh5 gxf3+ 42. Kxf3 Rg3+ 43. Kxf4 Rxd3 44. Rh6+ Kf7 45. Kf5 Rf3+ 46. Ke5
Nc5 47. Rc6 Nd7+ 48. Kd5 Rd3# 0-1

[Event "ODEM U14 2010"]
[Site "Oberhof GER"]
[Date "2010.05.25"]
[Round "3"]
[White "Thole, Ann-Christin"]
[Black "Döpper, Anna Berenice"]
[Result "1/2-1/2"]
[Termination "normal"]
[Board "15"]
[WhiteElo "1142"]
[BlackElo "1001"]
[PlyCount "85"]
[WhiteFideId "12907529"]
[BlackFideId "1271853"]
[EventCountry "GER"]
[EventRounds "7"]
[EventType "swiss"]
[EventDate "2010.05.22"]

1. e4 e6 2. d4 d5 3. Nd2 Nf6 4. e5 Nfd7 5. f4 c5 6. Nb3 Nc6 7. Nf3 Qb6 8. c3
Be7 9. Be2 cxd4 10. cxd4 f6 11. Bd2 O-O 12. Qc1 Bb4 13. Bxb4 Qxb4+ 14. Qd2 Nb6
15. Qxb4 Nxb4 16. O-O Bd7 17. Nc5 Bc6 18. Nxe6 Nc2 19. Rac1 Ne3 20. Rfe1 Rf7
21. Nh4 Re8 22. Nc5 g6 23. Bd3 Nec4 24. e6 Rfe7 25. f5 g5 26. Nf3 Nxb2 27. Re3
N2c4 28. Bxc4 Nxc4 29. Ree1 b6 30. Nd3 Rc8 31. h3 Nd6 32. Nb4 Bb7 33. Rxc8+
Nxc8 34. g4 Nd6 35. Nd2 Nb5 36. Nb3 a5 37. a4 Nc3 38. Nc2 Nxa4 39. Ne3 Nb2 40.
Nc1 b5 41. Nb3 a4 42. Nc5 Bc6 43. Rc1 1/2-1/2

[Event "ODEM U14 2010"]
[Site "Oberhof GER"]
[Date "2010.05.25"]
[Round "3"]
[White "Wegmann, Simon"]
[Black "Holstein, David"]
[Result "1/2-1/2"]
[Termination "normal"]
[Board "16"]
[WhiteElo "1134"]
[BlackElo "997"]
[PlyCount "97"]
[WhiteFideId "1270758"]
[EventCountry "GER"]
[EventRounds "7"]
[EventType "swiss"]
[EventDate "2010.05.22"]

1. e4 e5 2. Nf3 Nc6 3. d4 exd4 4. Nxd4 Bc5 5. Be3 d6 6. Nxc6 bxc6 7. Bxc5 dxc5
8. Qxd8+ Kxd8 9. Nc3 Nf6 10. O-O-O+ Ke7 11. h3 Be6 12. g4 Rhd8 13. Bg2 g5 14.
Kb1 Rd7 15. Rhf1 Rad8 16. f3 Rd2 17. Bh1 Rh2 18. Rde1 Rdd2 19. Rc1 Rxh3 20. e5
Nd5 21. Ne4 Re2 22. Nxg5 Rhh2 23. Ne4 Ne3 24. Rfe1 Rxc2 25. Rxc2 Nxc2 26. Rg1
Nb4 27. a3 Nd3 28. f4 Rxb2+ 29. Ka1 Ra2+ 30. Kb1 Rxa3 31. f5 Bb3 32. e6 fxe6
33. f6+ Kf8 34. g5 Nf4 35. Rf1 e5 36. Nxc5 Bd5 37. Nd7+ Ke8 38. Nxe5 Rb3+ 39.
Ka1 Nd3 40. Nxd3 Rxd3 41. Re1+ Kf8 42. Bxd5 Rxd5 43. Re7 Rxg5 44. Rxh7 Rf5 45.
Rxc7 Rxf6 46. Rxa7 c5 47. Kb2 Rc6 48. Kc3 Ke8 49. Kc4 1/2-1/2

[Event "ODEM U14 2010"]
[Site "Oberhof GER"]
[Date "2010.05.25"]
[Round "3"]
[White "Wenninger, Patrick"]
[Black "Schirra, Maurice"]
[Result "0-1"]
[Termination "normal"]
[Board "17"]
[WhiteElo "759"]
[BlackElo "1127"]
[PlyCount "106"]
[WhiteFideId "12927880"]
[BlackFideId "12941115"]
[EventCountry "GER"]
[EventRounds "7"]
[EventType "swiss"]
[EventDate "2010.05.22"]

1. e4 c5 2. f4 d6 3. Bc4 g6 4. Nc3 Nc6 5. d3 Bg7 6. Nf3 Bg4 7. h3 Bxf3 8. Qxf3
Nd4 9. Qf2 a6 10. Be3 Nc6 11. O-O Nf6 12. Qf3 O-O 13. Rf2 Nd7 14. Raf1 Nd4 15.
Qg4 Nb6 16. Bb3 Nxb3 17. axb3 Bh6 18. Qh4 Bg7 19. f5 e6 20. Qxd8 Raxd8 21. fxg6
hxg6 22. Bg5 Rd7 23. Rf4 Nc8 24. Rh4 Ne7 25. Rf3 Nc6 26. Rf2 Bd4 27. Bh6 Re8
28. Bg5 Bxf2+ 29. Kxf2 Kg7 30. Bh6+ Kg8 31. Na4 f6 32. Nb6 Rh7 33. Nc4 Rd8 34.
Ne3 d5 35. exd5 exd5 36. Ng4 Kf7 37. Kf3 Rhh8 38. c4 g5 39. Rh5 Kg6 40. Rxg5+
fxg5 41. Bxg5 Kxg5 42. cxd5 Rxd5 43. Nf2 Nd4+ 44. Kg3 Nxb3 45. Ne4+ Kh6 46. h4
Rxd3+ 47. Kh2 Rg8 48. g3 Rg4 49. Nf2 Rgxg3 50. Nxd3 Rxd3 51. h5 c4 52. Kg2 c3
53. bxc3 Rxc3 0-1

[Event "ODEM U14 2010"]
[Site "Oberhof GER"]
[Date "2010.05.25"]
[Round "3"]
[White "Holzapfel, Jan-Marius"]
[Black "Schnabel, Bennett"]
[Result "0-1"]
[Termination "normal"]
[Board "19"]
[WhiteElo "849"]
[BlackElo "1043"]
[PlyCount "66"]
[BlackFideId "12943290"]
[EventCountry "GER"]
[EventRounds "7"]
[EventType "swiss"]
[EventDate "2010.05.22"]

1. e4 e5 2. Bc4 Nf6 3. d3 Nc6 4. Nf3 d6 5. c3 Bg4 6. Bb3 Be7 7. Nbd2 O-O 8. Nf1
Qd7 9. Bg5 h6 10. Bh4 Rad8 11. Ng3 Rfe8 12. O-O g5 13. Bxg5 hxg5 14. h3 Bh5 15.
Nxh5 Nxh5 16. Qd2 Nf4 17. Kh2 g4 18. Ng1 Bg5 19. Rfe1 Kg7 20. Qe3 Rh8 21. Bd1
gxh3 22. Nxh3 Nxh3 23. gxh3 Bxe3 24. Rg1+ Kf8 25. Bg4 Bf4+ 26. Kg2 Qe7 27. Kf1
Qf6 28. Rg2 Ke7 29. f3 Rdg8 30. Re1 Bh2 31. Rxh2 Rxg4 32. Rf2 Rg3 33. Re3 Rhxh3
0-1

[Event "ODEM U14 2010"]
[Site "Oberhof GER"]
[Date "2010.05.25"]
[Round "3"]
[White "Wegmann, Sven"]
[Black "Nabinger, Annalena"]
[Result "1/2-1/2"]
[Termination "normal"]
[Board "20"]
[WhiteElo "1354"]
[BlackElo "1181"]
[PlyCount "110"]
[WhiteFideId "1270756"]
[BlackFideId "12902225"]
[EventCountry "GER"]
[EventRounds "7"]
[EventType "swiss"]
[EventDate "2010.05.22"]

1. e4 e5 2. Nf3 Nc6 3. Bc4 Nf6 4. d3 Bc5 5. Bg5 d6 6. Nc3 Nd4 7. Nxd4 Bxd4 8.
Qd2 c6 9. a4 O-O 10. O-O Bxc3 11. Qxc3 Nxe4 12. Bxd8 Nxc3 13. Be7 Re8 14. Bxd6
Nd5 15. a5 Bf5 16. Rfe1 f6 17. f4 e4 18. dxe4 Rxe4 19. Rxe4 Bxe4 20. c3 Kh8 21.
g3 Re8 22. Re1 Bg6 23. Rxe8+ Bxe8 24. Bxd5 cxd5 25. Kf2 Kg8 26. Ke3 Kf7 27. Kd4
Ke6 28. Bc5 a6 29. c4 dxc4 30. Kxc4 Bc6 31. b4 Kf5 32. Bf8 g6 33. Bg7 Kg4 34.
Bxf6 Kh3 35. Bh4 h6 36. Bf6 Kxh2 37. g4 Kg3 38. Bg7 Kxf4 39. Bxh6+ Kxg4 40. Kd3
Kf5 41. Ke3 g5 42. Kf2 Kf4 43. Kg1 Kg4 44. Bf8 Kf3 45. Be7 g4 46. Bd6 Ke3 47.
Bc5+ Kd3 48. Bb6 Kc4 49. Bc5 Kb5 50. Kf2 b6 51. Bxb6 Kxb4 52. Kg1 g3 53. Bc7
Kb5 54. Bxg3 Kxa5 55. Be5 Kb5 1/2-1/2

[Event "ODEM U14 2010"]
[Site "Oberhof GER"]
[Date "2010.05.25"]
[Round "3"]
[White "Falke, Janis"]
[Black "Werner, Justus"]
[Result "0-1"]
[Termination "normal"]
[Board "21"]
[WhiteElo "904"]
[BlackElo "1299"]
[PlyCount "82"]
[BlackFideId "12941107"]
[EventCountry "GER"]
[EventRounds "7"]
[EventType "swiss"]
[EventDate "2010.05.22"]

1. e4 c5 2. Bc4 e6 3. Nf3 Nc6 4. O-O Nf6 5. d4 cxd4 6. Nxd4 Nxe4 7. Nc3 Nf6 8.
Nxc6 bxc6 9. Bg5 d5 10. Bd3 Be7 11. Ne2 O-O 12. Nf4 Nd7 13. Bxe7 Qxe7 14. Qg4
Nf6 15. Qh4 h6 16. Nh5 Re8 17. Nxf6+ Qxf6 18. Qxf6 gxf6 19. Rae1 Rb8 20. b3 e5
21. Re3 e4 22. Rg3+ Kh8 23. Be2 Bb7 24. c4 d4 25. Bh5 Re7 26. Re1 Rd8 27. Rg4
c5 28. Rf4 Rd6 29. a3 a5 30. h3 Kg7 31. Rg4+ Kf8 32. Rh4 d3 33. Kf1 d2 34. Rb1
e3 35. fxe3 Rxe3 36. Rf4 Rde6 37. Kg1 Rg3 38. Rf2 Re1+ 39. Rxe1 dxe1=Q+ 40. Rf1
Rxg2+ 41. Kh1 Qxf1# 0-1

[Event "ODEM U14 2010"]
[Site "Oberhof GER"]
[Date "2010.05.25"]
[Round "3"]
[White "Scholz, Richard"]
[Black "Leyrer, Thomas"]
[Result "0-1"]
[Termination "normal"]
[Board "22"]
[WhiteElo "890"]
[BlackElo "1138"]
[PlyCount "114"]
[BlackFideId "12908274"]
[EventCountry "GER"]
[EventRounds "7"]
[EventType "swiss"]
[EventDate "2010.05.22"]

1. e4 e5 2. Nf3 Nc6 3. Bc4 Bc5 4. d3 Nf6 5. O-O d6 6. Nc3 Bg4 7. h3 Bh5 8. g4
Bg6 9. Ng5 h6 10. Nxf7 Bxf7 11. Bxf7+ Kxf7 12. Be3 Bxe3 13. fxe3 Ke8 14. Qf3
Ne7 15. h4 Qd7 16. g5 Qg4+ 17. Kh2 Qxh4+ 18. Kg2 Qxg5+ 19. Kh3 Qh5+ 20. Qxh5+
Nxh5 21. Kg4 Nf6+ 22. Kf3 Rf8 23. Kg2 Kd7 24. d4 Ng4 25. Rxf8 Rxf8 26. Kh3 Nxe3
27. Ne2 Rf3+ 28. Kh4 Rf2 29. Ng3 Nxc2 30. Rf1 Rxf1 31. Nxf1 Nxd4 32. Ng3 Ng6+
33. Kh5 Nf4+ 34. Kg4 Nfe2 35. Nxe2 Nxe2 36. Kf3 Nd4+ 37. Ke3 g5 38. b3 g4 39.
b4 g3 40. a3 g2 41. Kf2 Nc2 42. Kxg2 Nxa3 43. Kf3 c5 44. bxc5 dxc5 45. Kg4 c4
46. Kf3 h5 47. Kf2 h4 48. Ke2 c3 49. Ke1 h3 50. Kf2 c2 51. Kg3 c1=Q 52. Kxh3
Qg1 53. Kh4 Ke6 54. Kh5 Qg3 55. Kh6 Kf7 56. Kh5 b6 57. Kh6 Qg6# 0-1

[Event "ODEM U14 2010"]
[Site "Oberhof GER"]
[Date "2010.05.25"]
[Round "3"]
[White "Titgemeyer, Eva Maria"]
[Black "Morio, Estelle"]
[Result "1/2-1/2"]
[Termination "normal"]
[Board "23"]
[WhiteElo "1039"]
[BlackElo "881"]
[PlyCount "56"]
[WhiteFideId "24655350"]
[BlackFideId "12951951"]
[EventCountry "GER"]
[EventRounds "7"]
[EventType "swiss"]
[EventDate "2010.05.22"]

1. e4 d6 2. d4 Nf6 3. Nc3 Nbd7 4. Nf3 e5 5. Be3 Be7 6. Bd3 O-O 7. Qd2 b6 8.
O-O-O Bb7 9. d5 c6 10. Bc4 c5 11. Ng5 h6 12. Nh3 Ng4 13. f3 Nxe3 14. Qxe3 a6
15. f4 b5 16. Bf1 Nb6 17. Kb1 b4 18. Ne2 Qd7 19. Rg1 Rad8 20. g4 exf4 21. Nexf4
Bg5 22. Nxg5 hxg5 23. Nh5 Qe7 24. c3 Rfe8 25. cxb4 Qxe4+ 26. Qxe4 Rxe4 27. bxc5
dxc5 28. h3 Nxd5 1/2-1/2

[Event "ODEM U14 2010"]
[Site "Oberhof GER"]
[Date "2010.05.25"]
[Round "3"]
[White "Svane, Frederik"]
[Black "Eggert, Daniela"]
[Result "1-0"]
[Termination "normal"]
[Board "24"]
[WhiteElo "821"]
[BlackElo "971"]
[PlyCount "93"]
[WhiteFideId "12923044"]
[BlackFideId "12991490"]
[EventCountry "GER"]
[EventRounds "7"]
[EventType "swiss"]
[EventDate "2010.05.22"]

1. e4 e5 2. Nf3 Nc6 3. Bc4 Bc5 4. O-O Nf6 5. a3 O-O 6. Bb5 d6 7. Nc3 Bg4 8. Be2
Bxf3 9. Bxf3 Bd4 10. Nb5 a6 11. Nxd4 Nxd4 12. d3 Nd7 13. Bg4 Nc5 14. c3 Ndb3
15. Rb1 Nxc1 16. Rxc1 Qg5 17. b4 Ne6 18. Bxe6 fxe6 19. Qb3 Rf6 20. Rce1 Rg6 21.
g3 Rh6 22. f3 Qh5 23. Rf2 Rf8 24. Re3 Qh3 25. Qc4 c6 26. d4 exd4 27. cxd4 Qh5
28. a4 Qg5 29. Ree2 Rhf6 30. Qb3 Qc1+ 31. Kg2 Rh6 32. Rc2 Qg5 33. a5 Qh5 34.
Kg1 Qh3 35. Qa2 Rff6 36. Qb3 Rh5 37. Qc3 Rfh6 38. Qe3 e5 39. Rg2 Qd7 40. Qb3+
Kf8 41. Qd3 c5 42. dxc5 Qa4 43. cxd6 Qxb4 44. Rc8+ Kf7 45. Qd5+ Kg6 46. Qe6+
Kg5 47. Qf5# 1-0

[Event "ODEM U14 2010"]
[Site "Oberhof GER"]
[Date "2010.05.25"]
[Round "3"]
[White "Michalowski, Sophia"]
[Black "Diederichs, Hannah"]
[Result "1-0"]
[Termination "normal"]
[Board "25"]
[WhiteElo "956"]
[BlackElo "842"]
[PlyCount "59"]
[WhiteFideId "12902454"]
[EventCountry "GER"]
[EventRounds "7"]
[EventType "swiss"]
[EventDate "2010.05.22"]

1. d4 e6 2. c4 d5 3. cxd5 exd5 4. Bf4 Bd7 5. Nc3 Nf6 6. Bg5 c6 7. Nf3 Bd6 8. e3
O-O 9. Bd3 h6 10. Bh4 Be7 11. O-O Qc7 12. Qc2 Qd6 13. Bg3 Qe6 14. Rfe1 Bc8 15.
e4 c5 16. exd5 Qd7 17. Ne5 Qd8 18. Bc4 cxd4 19. Nb5 Nbd7 20. Nxd4 Nxe5 21. Rxe5
Re8 22. Rae1 Bg4 23. Bb5 Rc8 24. Qd3 Nd7 25. Bxd7 Qxd7 26. Nb5 Bd6 27. Nxd6
Qxd6 28. Rxe8+ Rxe8 29. Rxe8+ Qf8 30. Rxf8+ 1-0